| 000 | 00563nam a2200193Ia 4500 | ||
|---|---|---|---|
| 003 | OSt | ||
| 005 | 20250311095421.0 | ||
| 008 | 210210b1979 xxu||||| |||| 00| 0 eng d | ||
| 040 | _cAL | ||
| 041 | _aKannada | ||
| 082 | _aK894.1 SITG | ||
| 100 |
_aSITANADI GANAPAYYA SHETTI _960324 _dಸೀತಾನದಿ ಗಣಪಯ್ಯ ಶೆಟ್ಟಿ |
||
| 245 |
_aGangavatara _bಗಂಗಾವತಾರ |
||
| 260 |
_aBengaluru _bPrasaranga,Bengaluru Vishvavidyalaya _c1979 |
||
| 300 | _a41 | ||
| 690 |
_aKannada Poetry _960325 |
||
| 906 | _a042206 | ||
| 942 |
_2ddc _cBK |
||
| 999 |
_c91826 _d91826 |
||